[Event "Einhausen op"]
[Site "Einhausen"]
[Date "2009.??.??"]
[Round "1"]
[White "Chernov, Vadim A"]
[Black "Trab Thanh, Kien"]
[Result "1-0"]
[WhiteElo "2430"]
[BlackElo "1880"]
[PlyCount "41"]
[EventDate "2009.??.??"]
[EventType "swiss"]
[EventRounds "7"]
[EventCountry "GER"]
[SourceTitle "EXT 2011"]
[Source "ChessBase"]
[SourceDate "2010.11.26"]
[SourceVersion "1"]
[SourceVersionDate "2010.11.26"]
[SourceQuality "1"]

1. e4 e6 2. d4 d5 3. Nd2 Nf6 4. e5 Nfd7 5. c3 c5 6. Bd3 Nc6 7. Ngf3 cxd4 8. cxd4 f6 9. exf6 Nxf6 10. 0-0 Bd6 11. b3 0-0 12. Bb2 Bd7 13. Ne5 Rc8 14. Rc1 Nb4 15. Rxc8 Qxc8 16. Bb1 Bb5 17. Re1 Bxe5 18. dxe5 Nd7 19. Qg4 Qc5 20. Qxe6+ Kh8 21. Nf3 1-0